[Event "DEM U10 2011"]
[Site "Oberhof GER"]
[Date "2011.06.16"]
[Round "8"]
[White "Baberz, Alexander"]
[Black "Sahki, Saphir"]
[Result "1-0"]
[Termination "normal"]
[Board "1"]
[WhiteElo "1854"]
[BlackElo "1597"]
[PlyCount "139"]
[WhiteFideId "12921734"]
[BlackFideId "26028450"]
[EventCountry "GER"]
[EventRounds "11"]
[EventType "swiss"]
[EventDate "2011.06.11"]

1. d4 d5 2. Nf3 Nf6 3. e3 e6 4. c4 c6 5. Nc3 Be7 6. Bd3 Nbd7 7. O-O O-O 8. e4
dxe4 9. Nxe4 Nb6 10. b3 h6 11. Ne5 Nbd7 12. Nxd7 Bxd7 13. Nxf6+ Bxf6 14. Qf3
Bg5 15. Qe4 f5 16. Qe2 Bxc1 17. Raxc1 Rf6 18. Rce1 Rg6 19. f4 Rc8 20. c5 Be8
21. Qe5 Qd5 22. Qxd5 cxd5 23. Re5 Rf6 24. Rfe1 Bd7 25. h4 a6 26. b4 Rg6 27. Kf2
Kf8 28. a4 Re8 29. b5 axb5 30. Bxb5 Bxb5 31. axb5 Kf7 32. Ra1 Re7 33. Ra7 Rf6
34. b6 Kg6 35. c6 Rff7 36. c7 Re8 37. Rxe6+ Rxe6 38. c8=Q Rxb6 39. Qe8 Rb2+ 40.
Kg3 Kf6 41. Qe5+ Kg6 42. Qe6+ Rf6 43. Qe8+ Kh7 44. h5 Ra6 45. Rxa6 bxa6 46.
Qg6+ Kh8 47. Qxa6 Rd2 48. Qa8+ Kh7 49. Qxd5 Rd3+ 50. Kh2 Rd2 51. Qxf5+ Kg8 52.
Qe6+ Kh7 53. d5 Rd4 54. d6 Rxf4 55. d7 Rh4+ 56. Kg1 Rd4 57. Qg6+ Kg8 58. Qe8+
Kh7 59. d8=Q Rxd8 60. Qxd8 g5 61. hxg6+ Kxg6 62. Qf8 h5 63. Kf2 h4 64. Kf3 Kh5
65. Kf4 Kg6 66. Qf5+ Kh6 67. Qg5+ Kh7 68. Kf5 h3 69. Kf6 hxg2 70. Qg7# 1-0

[Event "DEM U10 2011"]
[Site "Oberhof GER"]
[Date "2011.06.16"]
[Round "8"]
[White "Gungl, Theo"]
[Black "Martin, Julian"]
[Result "1-0"]
[Termination "normal"]
[Board "2"]
[WhiteElo "1736"]
[BlackElo "1321"]
[PlyCount "125"]
[WhiteFideId "24695653"]
[BlackFideId "12941000"]
[EventCountry "GER"]
[EventRounds "11"]
[EventType "swiss"]
[EventDate "2011.06.11"]

1. e4 d5 2. exd5 Qxd5 3. Nc3 Qd6 4. Nf3 c6 5. Bc4 Bf5 6. d3 Nf6 7. O-O e6 8.
Re1 Nbd7 9. Bg5 Be7 10. Qd2 O-O 11. Bf4 Qb4 12. a3 Qb6 13. h3 h6 14. Ne2 Qd8
15. Ned4 Bh7 16. Re2 Nb6 17. Bb3 Nbd5 18. Bh2 Re8 19. Ne5 Bd6 20. Rae1 Qc7 21.
Nef3 Bxh2+ 22. Nxh2 Nd7 23. Bxd5 cxd5 24. Re3 e5 25. Nb3 Bg6 26. Nf3 d4 27.
Nfxd4 f5 28. Nb5 Qc6 29. Nc3 f4 30. R3e2 f3 31. gxf3 Bh5 32. Re3 Bxf3 33. Ne4
Qg6+ 34. Ng3 Bc6 35. Nc1 h5 36. Kh2 h4 37. Ne4 Qh6 38. Qe2 Rf8 39. Na2 Qf4+ 40.
Kg1 Qf5 41. Nac3 Nf6 42. Qf3 Qg6+ 43. Qg2 Qh6 44. Qg5 Qh7 45. Nc5 Nd7 46. Nxd7
Bxd7 47. Rxe5 Rf6 48. Nd5 Rf3 49. Kg2 Rf7 50. Qh5 Bc6 51. Kg1 Bxd5 52. Re8+ Rf8
53. Qxd5+ Kh8 54. Qf7 Rfxe8 55. Rxe8+ Rxe8 56. Qxe8+ Qg8 57. Qxg8+ Kxg8 58. c4
Kf7 59. d4 Ke6 60. b4 b6 61. a4 Kd6 62. c5+ bxc5 63. bxc5+ 1-0

[Event "DEM U10 2011"]
[Site "Oberhof GER"]
[Date "2011.06.16"]
[Round "8"]
[White "Mätzkow, Maximilian Paul"]
[Black "Tong, Kevin"]
[Result "1-0"]
[Termination "normal"]
[Board "3"]
[WhiteElo "1597"]
[BlackElo "1345"]
[PlyCount "97"]
[WhiteFideId "24679933"]
[BlackFideId "12913944"]
[EventCountry "GER"]
[EventRounds "11"]
[EventType "swiss"]
[EventDate "2011.06.11"]

1. f4 e5 2. e4 exf4 3. Nf3 Nc6 4. d4 g5 5. h4 g4 6. Ng1 d6 7. Bxf4 Bd7 8. Nc3
Bg7 9. Nge2 Nf6 10. Qd2 Qe7 11. Ng3 O-O-O 12. O-O-O Rhe8 13. Qe3 Kb8 14. Bc4
Na5 15. Bd3 d5 16. e5 Ng8 17. Nxd5 Qe6 18. Nc3 h6 19. Rhe1 Ne7 20. Be4 Qb6 21.
Qd3 Nac6 22. Be3 Qa5 23. Qd2 Nb4 24. Kb1 Qa6 25. a3 Nbc6 26. Bxh6 Bxh6 27. Qxh6
Qb6 28. Qd2 Na5 29. Qd3 Bc6 30. d5 a6 31. Qe2 Bd7 32. h5 Rh8 33. d6 Nc8 34. Nd5
Qb5 35. dxc7+ Ka8 36. cxd8=Q Qxe2 37. Qxh8 Qf2 38. Qd8 Be6 39. Nb6+ Qxb6 40.
Qxb6 Nxb6 41. h6 Nac4 42. h7 Ka7 43. h8=Q Na4 44. Qd8 Nxa3+ 45. bxa3 Nc3+ 46.
Ka1 Nxd1 47. Qc7 Bd5 48. Bxd5 Nc3 49. Qxb7# 1-0

[Event "DEM U10 2011"]
[Site "Oberhof GER"]
[Date "2011.06.16"]
[Round "8"]
[White "Piskaykin, Bogdan"]
[Black "Schmidek, Emil"]
[Result "0-1"]
[Termination "normal"]
[Board "4"]
[WhiteElo "1329"]
[BlackElo "1719"]
[PlyCount "60"]
[WhiteFideId "12941212"]
[BlackFideId "12908150"]
[EventCountry "GER"]
[EventRounds "11"]
[EventType "swiss"]
[EventDate "2011.06.11"]

1. e4 e5 2. Nf3 Nc6 3. Bb5 Nge7 4. O-O g6 5. Re1 Bg7 6. d3 O-O 7. Bg5 h6 8. Bh4
g5 9. Bg3 d6 10. h4 g4 11. Nfd2 h5 12. Bh2 Ng6 13. g3 Kh8 14. f3 Nd4 15. a4
gxf3 16. Nxf3 Bg4 17. Nbd2 f5 18. Rf1 a6 19. Bc4 b5 20. axb5 axb5 21. Rxa8 Qxa8
22. Bd5 c6 23. exf5 cxd5 24. fxg6 e4 25. dxe4 dxe4 26. Nxe4 Qxe4 27. Ng5 Ne2+
28. Qxe2 Rxf1+ 29. Qxf1 Bd4+ 30. Qf2 Qe1+ 0-1

[Event "DEM U10 2011"]
[Site "Oberhof GER"]
[Date "2011.06.16"]
[Round "8"]
[White "Buckels, Valentin"]
[Black "Wong, Gengchun"]
[Result "1-0"]
[Termination "normal"]
[Board "5"]
[WhiteElo "1475"]
[BlackElo "1337"]
[PlyCount "99"]
[WhiteFideId "12942766"]
[BlackFideId "12963283"]
[EventCountry "GER"]
[EventRounds "11"]
[EventType "swiss"]
[EventDate "2011.06.11"]

1. d4 d5 2. c4 e6 3. Nf3 Nf6 4. g3 c6 5. b3 Nbd7 6. Bg2 Be7 7. Qc2 O-O 8. O-O
Re8 9. Nc3 h6 10. Bb2 Nf8 11. Rfd1 Ng6 12. e4 Qc7 13. Rac1 dxc4 14. bxc4 c5 15.
d5 exd5 16. exd5 a6 17. Nd2 Kh8 18. Qb3 Bf5 19. a4 Rab8 20. Nce4 Nxe4 21. Nxe4
Bxe4 22. Bxe4 Bg5 23. d6 Qd7 24. Bxg6 Bxc1 25. Bxf7 Qxf7 26. Bxc1 Red8 27. Bf4
Rd7 28. Rd5 Rc8 29. a5 Rc6 30. Qa3 Rd8 31. Rxc5 Rdc8 32. Rxc6 Rxc6 33. c5 Qd5
34. Be3 Kg8 35. Qb4 Rc8 36. Qg4 Re8 37. Qa4 Rd8 38. h4 Qc6 39. Qc4+ Kh8 40. Qd4
Kh7 41. Qf4 Qd5 42. Qg4 Qf7 43. Bd4 Qg6 44. Qf3 Qb1+ 45. Kh2 Qb4 46. Qe4+ Kg8
47. Qe6+ Kh7 48. Qe5 Kg6 49. g4 Qb1 50. Qxg7# 1-0

[Event "DEM U10 2011"]
[Site "Oberhof GER"]
[Date "2011.06.16"]
[Round "8"]
[White "Rockmann, Jan-Okke"]
[Black "Renger, Niklas"]
[Result "1-0"]
[Termination "normal"]
[Board "6"]
[WhiteElo "1294"]
[BlackElo "1452"]
[PlyCount "63"]
[WhiteFideId "12942111"]
[BlackFideId "12908096"]
[EventCountry "GER"]
[EventRounds "11"]
[EventType "swiss"]
[EventDate "2011.06.11"]

1. e4 c5 2. Nf3 d6 3. d4 cxd4 4. Nxd4 Nf6 5. Nc3 g6 6. Be3 Bg7 7. Bc4 O-O 8. f3
Nc6 9. Qd2 Bd7 10. O-O-O Rb8 11. Bb3 Na5 12. g4 b5 13. h4 Nc4 14. Bxc4 bxc4 15.
Qe2 e5 16. Nf5 gxf5 17. gxf5 Qc7 18. h5 h6 19. Rdg1 Kh7 20. Qd2 Rg8 21. f4 exf4
22. Bd4 Qb7 23. Qxf4 Qxb2+ 24. Kd2 Qb7 25. Rxg7+ Kxg7 26. Nd5 Rgc8 27. Bc3 Rh8
28. Nxf6 Bc6 29. Rg1+ Kf8 30. Qxd6+ Qe7 31. Qxb8+ Be8 32. Bb4 1-0

[Event "DEM U10 2011"]
[Site "Oberhof GER"]
[Date "2011.06.16"]
[Round "8"]
[White "Wierzbicki, Jirawat"]
[Black "Meyling, Lennart"]
[Result "0-1"]
[Termination "normal"]
[Board "7"]
[WhiteElo "1405"]
[BlackElo "1071"]
[PlyCount "86"]
[WhiteFideId "1153579"]
[BlackFideId "12947130"]
[EventCountry "GER"]
[EventRounds "11"]
[EventType "swiss"]
[EventDate "2011.06.11"]

1. e4 c5 2. Nf3 d6 3. d4 cxd4 4. Nxd4 Nf6 5. Nc3 a6 6. Bc4 e6 7. Bb3 Be7 8. O-O
O-O 9. f4 Nc6 10. Kh1 Na5 11. Qf3 Nxb3 12. axb3 Qb6 13. Be3 13... Qc7 $11 14.
f5 e5 15. Nde2 Bd7 16. g4 16... b5 $11 17. b4 Bc6 18. Ng3 Qb7 19. Rad1 Rad8 20.
Nd5 Bxd5 21. exd5 Rc8 22. c3 Rc4 23. g5 Ne8 24. Ne4 24... Qd7 $11 25. f6 Bd8
26. fxg7 Nxg7 27. b3 Rc7 28. Bb6 Rxc3 29. Qxc3 Kh8 30. Bxd8 Qxd8 31. Qh3 Ne8
32. Nf6 Nxf6 33. Rxf6 Qe7 34. Qh6 Kg8 35. Rxd6 e4 36. Re1 e3 37. Rc6 Qe4+ 38.
Kg1 Qg4+ 39. Kf1 Qf3+ 40. Kg1 Qf2+ 41. Kh1 Qxe1+ 42. Kg2 Qf2+ 43. Kh3 e2 0-1

[Event "DEM U10 2011"]
[Site "Oberhof GER"]
[Date "2011.06.16"]
[Round "8"]
[White "Kuhn, Magnus"]
[Black "Muckle, Julius"]
[Result "1-0"]
[Termination "normal"]
[Board "8"]
[WhiteElo "1579"]
[BlackElo "1357"]
[PlyCount "47"]
[WhiteFideId "12926345"]
[BlackFideId "12942430"]
[EventCountry "GER"]
[EventRounds "11"]
[EventType "swiss"]
[EventDate "2011.06.11"]

1. e4 e5 2. Nf3 Nc6 3. Bb5 d6 4. d4 exd4 5. Nxd4 Bd7 6. O-O a6 7. Nxc6 bxc6 8.
Bd3 Be7 9. Nc3 Nf6 10. f4 O-O 11. f5 g6 12. fxg6 fxg6 13. Bh6 Rf7 14. Bc4 d5
15. exd5 Bc5+ 16. Kh1 cxd5 17. Nxd5 Be6 18. Nxf6+ Rxf6 19. Qxd8+ Rxd8 20. Rxf6
Bxc4 21. Rc6 Rd5 22. Rxc7 Bb5 23. Re1 Bf2 24. Rc8+ 1-0

[Event "DEM U10 2011"]
[Site "Oberhof GER"]
[Date "2011.06.16"]
[Round "8"]
[White "Fieberg, Samuel"]
[Black "Shoipov, Dennie"]
[Result "1-0"]
[Termination "normal"]
[Board "9"]
[WhiteElo "1762"]
[BlackElo "1336"]
[PlyCount "89"]
[WhiteFideId "12901717"]
[BlackFideId "14137755"]
[EventCountry "GER"]
[EventRounds "11"]
[EventType "swiss"]
[EventDate "2011.06.11"]

1. e4 e5 2. Nf3 Nc6 3. Bc4 Bc5 4. c3 Nf6 5. d4 exd4 6. e5 Ng4 7. cxd4 Bb4+ 8.
Bd2 Bxd2+ 9. Nbxd2 O-O 10. h3 Nh6 11. O-O d5 12. exd6 cxd6 13. d5 Ne5 14. Nxe5
dxe5 15. Nf3 e4 16. Nd4 Qg5 17. Qb3 a6 18. Rae1 b5 19. Be2 Bb7 20. Nc6 Bxc6 21.
dxc6 Rac8 22. Rc1 Nf5 23. Bg4 h5 24. Bxf5 Qxf5 25. Qc2 Qg6 26. Rfe1 f5 27. Re3
a5 28. Qb3+ Kh8 29. Qxb5 f4 30. Rec3 f3 31. g3 Rfe8 32. Re3 Kh7 33. Qxa5 Rf8
34. c7 Kh6 35. Rc5 Qe8 36. Re5 Qf7 37. R3xe4 g6 38. Re7 Qf6 39. Qd2+ Qg5 40.
Rh7+ Kxh7 41. Qxg5 Rxc7 42. Re7+ Rf7 43. Rxf7+ Rxf7 44. Qd5 Kg7 45. b4 1-0

[Event "DEM U10 2011"]
[Site "Oberhof GER"]
[Date "2011.06.16"]
[Round "8"]
[White "Laubrock, Paul"]
[Black "Shen, Julian"]
[Result "1-0"]
[Termination "normal"]
[Board "10"]
[WhiteElo "1546"]
[BlackElo "1273"]
[PlyCount "141"]
[WhiteFideId "1270509"]
[BlackFideId "12942898"]
[EventCountry "GER"]
[EventRounds "11"]
[EventType "swiss"]
[EventDate "2011.06.11"]

1. d4 d5 2. e3 Nf6 3. Bd3 e6 4. Nd2 Be7 5. f4 Nbd7 6. Ngf3 b6 7. Ne5 Bb7 8. Qf3
c5 9. c3 Qc7 10. O-O c4 11. Bc2 Rc8 12. g4 h6 13. g5 Ng8 14. g6 Nxe5 15. fxe5
f6 16. Qh3 Qc6 17. Nf3 f5 18. Bd2 Kd8 19. Be1 Kc7 20. Bh4 Kb8 21. Qg3 Bxh4 22.
Nxh4 Ne7 23. Rac1 Rhf8 24. Ng2 Qe8 25. Nf4 Nc6 26. Ba4 Qe7 27. Rf2 a6 28. Bc2
b5 29. Rcf1 Rce8 30. b4 Qc7 31. a4 Qd8 32. Ra1 Qg5 33. Qxg5 hxg5 34. Nh3 g4 35.
Nf4 Rh8 36. Bd1 Rh6 37. Rfa2 Kc7 38. Be2 Kd7 39. Bf1 Reh8 40. h3 gxh3 41. Bxh3
Rxh3 42. Nxh3 Rxh3 43. Kf2 Ne7 44. axb5 Rh2+ 45. Kf3 Rxa2 46. Rxa2 axb5 47. Rg2
Nc8 48. Rh2 Ke7 49. Rh8 Ba6 50. Rh1 Nb6 51. Ke2 Na4 52. Kd2 Bb7 53. Rh8 Bc6 54.
Rg8 Nb2 55. Rxg7+ Kf8 56. Rc7 Be8 57. g7+ Kg8 58. Rc8 Kxg7 59. Rxe8 Kf7 60. Rb8
Kg6 61. Rxb5 Nd3 62. Ra5 Nf2 63. b5 Ne4+ 64. Kc2 Ng5 65. b6 Nf7 66. b7 Nd8 67.
b8=Q Nc6 68. Qg8+ Kh6 69. Ra1 Nxd4+ 70. exd4 f4 71. Rh1# 1-0

[Event "DEM U10 2011"]
[Site "Oberhof GER"]
[Date "2011.06.16"]
[Round "8"]
[White "Stobbe, Frederik"]
[Black "Kölz, Niklas"]
[Result "0-1"]
[Termination "normal"]
[Board "11"]
[WhiteElo "1105"]
[BlackElo "1479"]
[PlyCount "109"]
[BlackFideId "12971758"]
[EventCountry "GER"]
[EventRounds "11"]
[EventType "swiss"]
[EventDate "2011.06.11"]

1. e4 c5 2. Nf3 e6 3. d4 cxd4 4. Nxd4 a6 5. Nc3 b5 6. Bd3 Qb6 7. Be3 Bc5 8. Be2
Nc6 9. Nxc6 Qxc6 10. Bxc5 Qxc5 11. O-O Ne7 12. Kh1 Bb7 13. Bd3 Rd8 14. f4 O-O
15. e5 f5 16. exf6 Rxf6 17. Be4 d5 18. Bxh7+ Kxh7 19. Ne4 dxe4 20. Qxd8 Ng6 21.
Qd2 e3 22. Qe1 Qxc2 23. Rg1 Nxf4 24. Qg3 Bxg2+ 25. Rxg2 Qxg2+ 26. Qxg2 Nxg2 27.
Kxg2 Rf2+ 28. Kg3 Rxb2 29. h3 e2 30. Kf2 Kg6 31. Ke1 Kh5 32. a3 g5 33. Rc1 Kh4
34. Rc3 a5 35. Rc5 Rb3 36. Kxe2 Rxh3 37. Rxb5 Rxa3 38. Rb8 a4 39. Rh8+ Kg3 40.
Rh1 Ra2+ 41. Ke3 a3 42. Rg1+ Rg2 43. Ra1 a2 44. Ke4 Re2+ 45. Kd3 Kf2 46. Rh1 g4
47. Rh2+ Kf3 48. Rxe2 a1=Q 49. Re3+ Kg2 50. Re2+ Kh3 51. Ke3 Qa3+ 52. Kd2 e5
53. Ke1 Qc1+ 54. Kf2 g3+ 55. Kf3 0-1

[Event "DEM U10 2011"]
[Site "Oberhof GER"]
[Date "2011.06.16"]
[Round "8"]
[White "Reimann, Sebastian"]
[Black "ter Stal, Sven"]
[Result "1-0"]
[Termination "normal"]
[Board "12"]
[WhiteElo "1442"]
[BlackElo "1056"]
[PlyCount "131"]
[WhiteFideId "12928054"]
[BlackFideId "12946443"]
[EventCountry "GER"]
[EventRounds "11"]
[EventType "swiss"]
[EventDate "2011.06.11"]

1. e4 c5 2. Nf3 d6 3. c3 Nf6 4. h3 g6 5. Bd3 Bg7 6. Bc2 O-O 7. O-O Nc6 8. Re1
d5 9. e5 Nd7 10. d4 b6 11. Be3 e6 12. Qd2 Na5 13. b3 Qe7 14. Bh6 Nc6 15. Bxg7
Kxg7 16. Rd1 b5 17. a4 Rb8 18. axb5 Rxb5 19. Na3 Rb7 20. Qe2 Nb6 21. Nb5 c4 22.
b4 f6 23. Nd6 Rd7 24. Nxc8 Rxc8 25. Re1 f5 26. Ra2 Rf8 27. Qd2 Rb7 28. Qg5 Qxg5
29. Nxg5 Re8 30. Rea1 Ree7 31. Nf3 h6 32. h4 Kf8 33. Kf1 Rg7 34. Ke2 g5 35.
hxg5 hxg5 36. Rh1 g4 37. Nh4 Rh7 38. Raa1 Rh6 39. g3 Rbh7 40. Ng6+ Kg7 41. Rxh6
Rxh6 42. Nf4 Kf7 43. b5 Ne7 44. Rxa7 Ke8 45. Rb7 Nec8 46. Rc7 Kd8 47. Rc6 Nd7
48. Rxe6 Rxe6 49. Nxe6+ Ke7 50. Bxf5 Ncb6 51. Bxg4 Nf8 52. Nxf8 Kxf8 53. f4 Kf7
54. Bf3 Ke6 55. g4 Kf7 56. f5 Ke7 57. g5 Kf7 58. g6+ Kg7 59. Kd2 Kh6 60. e6 Kg7
61. e7 Kf6 62. e8=Q Na4 63. g7 Nxc3 64. Qg6+ Ke7 65. g8=R Nxb5 66. Qe6# 1-0

[Event "DEM U10 2011"]
[Site "Oberhof GER"]
[Date "2011.06.16"]
[Round "8"]
[White "Reuker, Jari"]
[Black "Schnabel, Bennett"]
[Result "0-1"]
[Termination "normal"]
[Board "13"]
[WhiteElo "1647"]
[BlackElo "1289"]
[PlyCount "108"]
[WhiteFideId "12909300"]
[BlackFideId "12943290"]
[EventCountry "GER"]
[EventRounds "11"]
[EventType "swiss"]
[EventDate "2011.06.11"]

1. d4 d5 2. c4 c6 3. Nc3 e6 4. Nf3 f5 5. Bf4 Nf6 6. e3 Be7 7. Bd3 O-O 8. Qc2
Ne4 9. g4 Bh4 10. Nxh4 Qxh4 11. gxf5 exf5 12. cxd5 Nxc3 13. bxc3 cxd5 14. Qb3
Qd8 15. c4 dxc4 16. Bxc4+ Kh8 17. Rg1 Nc6 18. Qc3 Qf6 19. Bg5 Qd6 20. Bf4 Qf6
21. Rc1 Bd7 22. Bd5 Rac8 23. Qd2 Qd8 24. Rb1 b6 25. Rc1 Re8 26. Qd1 Qh4 27. Qf3
Ne7 28. Rxc8 Bxc8 29. Be5 Ng6 30. Qg3 Qxg3 31. Bxg3 f4 32. Bf7 Rf8 33. Bxg6
fxg3 34. Rxg3 hxg6 35. Rxg6 Rf6 36. Rxf6 gxf6 37. Ke2 Kg7 38. e4 Kf7 39. f4 f5
40. e5 Be6 41. a3 Kg6 42. Kf2 Kh5 43. Kg3 a6 44. h3 b5 45. Kf3 a5 46. Ke3 Kh4
47. Kd3 Kxh3 48. Kc3 Kg4 49. d5 Bxd5 50. Kd4 Be6 51. Kc5 Kxf4 52. Kxb5 Kxe5 53.
Kxa5 f4 54. Kb6 Kd5 0-1

[Event "DEM U10 2011"]
[Site "Oberhof GER"]
[Date "2011.06.16"]
[Round "8"]
[White "Hoffmann, Jens"]
[Black "Poghosyan, Tigran"]
[Result "0-1"]
[Termination "normal"]
[Board "14"]
[WhiteElo "1327"]
[BlackElo "1685"]
[PlyCount "68"]
[WhiteFideId "12946320"]
[BlackFideId "12909319"]
[EventCountry "GER"]
[EventRounds "11"]
[EventType "swiss"]
[EventDate "2011.06.11"]

1. e4 c5 2. Nf3 d6 3. d4 cxd4 4. Nxd4 Nf6 5. Nc3 Nc6 6. Bg5 e6 7. Be2 Be7 8.
Nxc6 bxc6 9. Qd2 h6 10. Bh4 Qc7 11. Bxf6 Bxf6 12. Rd1 Be7 13. O-O O-O 14. Bh5
Ba6 15. Rfe1 Rad8 16. Qe3 Bf6 17. Qg3 Qe7 18. Re3 e5 19. Rf3 Bh4 20. Qg4 Bc8
21. Bxf7+ Rxf7 22. Qh5 Rxf3 23. Qxf3 Rf8 24. Qd3 Bxf2+ 25. Kh1 Bg4 26. Qxd6
Qxd6 27. Rxd6 Bc5 28. h3 Bxd6 29. hxg4 Rf4 30. g5 Bc5 31. g3 Rg4 32. gxh6 gxh6
33. Kh2 Bf2 34. Ne2 Rxe4 0-1

[Event "DEM U10 2011"]
[Site "Oberhof GER"]
[Date "2011.06.16"]
[Round "8"]
[White "Schirra, Maurice"]
[Black "Mantel, Ruben"]
[Result "0-1"]
[Termination "normal"]
[Board "15"]
[WhiteElo "1226"]
[BlackElo "1437"]
[PlyCount "118"]
[WhiteFideId "12941115"]
[BlackFideId "12930121"]
[EventCountry "GER"]
[EventRounds "11"]
[EventType "swiss"]
[EventDate "2011.06.11"]

1. e4 e6 2. Nf3 d5 3. Nc3 Bb4 4. e5 Ne7 5. d4 c5 6. dxc5 Bxc5 7. Bd3 Nbc6 8.
Bf4 Qb6 9. O-O Qd8 10. Re1 Ng6 11. Bg3 O-O 12. Qd2 f5 13. exf6 Qxf6 14. Rab1
Bd7 15. Bxg6 Qxg6 16. Nxd5 Rad8 17. Nf4 Qh6 18. Rbd1 Be8 19. Qe2 Rxd1 20. Rxd1
Rxf4 21. Bxf4 Qxf4 22. Qxe6+ Bf7 23. Qc8+ Bf8 24. Qxb7 Ne7 25. Qxa7 Qc4 26. Rc1
Ng6 27. h3 Bc5 28. Qb8+ Nf8 29. Qb3 Qf4 30. Qc3 Qxc1+ 31. Kh2 Qf4+ 32. Kg1 Qb4
33. Qxb4 Bxb4 34. a3 Bd6 35. b4 Be8 36. c4 Ne6 37. c5 Nxc5 38. bxc5 Bxc5 39.
Kf1 Bxa3 40. Ke2 Bc6 41. Ke3 Bxf3 42. Kxf3 Kf7 43. Kf4 Kf6 44. f3 Bd6+ 45. Ke3
Kg5 46. Kf2 Kh4 47. Kf1 Kg3 48. Kg1 g5 49. Kh1 Bc5 50. h4 Kxh4 51. Kh2 Bd6+ 52.
Kg1 h5 53. Kf2 g4 54. fxg4 hxg4 55. Kg1 Kg3 56. Kf1 Kh2 57. Kf2 Bc5+ 58. Kf1 g3
59. Ke2 Kxg2 0-1

[Event "DEM U10 2011"]
[Site "Oberhof GER"]
[Date "2011.06.16"]
[Round "8"]
[White "Zieschank, Leon"]
[Black "Hoffmann, Fabian"]
[Result "1/2-1/2"]
[Termination "normal"]
[Board "16"]
[WhiteElo "1236"]
[BlackElo "1424"]
[PlyCount "71"]
[BlackFideId "12964891"]
[EventCountry "GER"]
[EventRounds "11"]
[EventType "swiss"]
[EventDate "2011.06.11"]

1. e4 e5 2. Nf3 Nc6 3. Bc4 Bc5 4. Nc3 d6 5. O-O Bg4 6. Be2 Nf6 7. d3 h6 8. Bd2
Qd7 9. Be3 Bb6 10. Nd2 O-O 11. h3 Be6 12. Bxb6 axb6 13. Nf3 d5 14. exd5 Nxd5
15. Nxd5 Qxd5 16. c3 Rxa2 17. c4 Qa5 18. Rxa2 Qxa2 19. Qb1 Ra8 20. Rc1 f6 21.
Re1 Qxb1 22. Rxb1 Ra2 23. Bf1 Bf5 24. g4 Bh7 25. h4 Nb4 26. Ne1 e4 27. dxe4
Bxe4 28. Rd1 Rxb2 29. Rd8+ Kh7 30. f3 Bc6 31. Nd3 Nxd3 32. Bxd3+ g6 33. h5 Kg7
34. Bxg6 Rb4 35. Rc8 Rxc4 36. Rxc7+ 1/2-1/2

[Event "DEM U10 2011"]
[Site "Oberhof GER"]
[Date "2011.06.16"]
[Round "8"]
[White "Savchenko, Daniel"]
[Black "Köhler, Inken"]
[Result "1-0"]
[Termination "normal"]
[Board "17"]
[WhiteElo "1411"]
[BlackElo "1079"]
[PlyCount "139"]
[WhiteFideId "12919195"]
[BlackFideId "12929301"]
[EventCountry "GER"]
[EventRounds "11"]
[EventType "swiss"]
[EventDate "2011.06.11"]

1. e4 e5 2. Nf3 Nc6 3. Bb5 Nf6 4. d4 Nxe4 5. O-O Nd6 6. Ba4 exd4 7. Nxd4 Be7 8.
Bb3 Nxd4 9. Qxd4 Bf6 10. Re1+ Kf8 11. Qb4 a5 12. Qc5 b6 13. Qh5 g6 14. Qe2 Ba6
15. Bh6+ Bg7 16. Bxg7+ Kxg7 17. Qe5+ Qf6 18. Nc3 Qxe5 19. Rxe5 Rhe8 20. Rae1
Rxe5 21. Rxe5 Re8 22. Rxe8 Nxe8 23. Nd5 Kh6 24. f3 Kg5 25. Kf2 Kf5 26. Ne3+ Kf6
27. Ng4+ Ke7 28. g3 f5 29. Ne3 Kd6 30. Nd1 Ke5 31. Ke3 Nf6 32. Nc3 c6 33. Na4
b5 34. Nc5 Bc8 35. a3 Nd5+ 36. Bxd5 Kxd5 37. Nd3 d6 38. Nf2 b4 39. a4 c5 40. b3
Ba6 41. Nh3 c4 42. Ng5 h5 43. Nh3 cxb3 44. cxb3 Bc4 45. Nf4+ Kc5 46. bxc4 Kxc4
47. Kd2 Kb3 48. Kc1 Kxa4 49. Kb2 Kb5 50. Nd3 a4 51. Ka2 g5 52. h4 b3+ 53. Kb2
Kc4 54. hxg5 Kxd3 55. g6 a3+ 56. Kxb3 Ke3 57. g7 d5 58. g8=Q d4 59. Qg5+ Ke2
60. Qxf5 d3 61. Qe4+ Kd2 62. f4 h4 63. f5 h3 64. f6 h2 65. f7 h1=Q 66. Qxh1 a2
67. f8=R a1=Q 68. Qxa1 Ke2 69. Re8+ Kd2 70. Qe1# 1-0

[Event "DEM U10 2011"]
[Site "Oberhof GER"]
[Date "2011.06.16"]
[Round "8"]
[White "Alekhanov, Jannis"]
[Black "Keymer, Vincent"]
[Result "1/2-1/2"]
[Termination "normal"]
[Board "18"]
[WhiteElo "1398"]
[BlackElo "1192"]
[PlyCount "78"]
[WhiteFideId "12921238"]
[BlackFideId "12940690"]
[EventCountry "GER"]
[EventRounds "11"]
[EventType "swiss"]
[EventDate "2011.06.11"]

1. e4 e5 2. Nf3 Nc6 3. Bc4 Bc5 4. d3 d6 5. Nc3 Nf6 6. Bg5 h6 7. Bh4 g5 8. Bg3
Bg4 9. Nd5 Nd4 10. h3 Bxf3 11. gxf3 c6 12. Ne3 b5 13. Bb3 Qb6 14. Ng4 Nxg4 15.
fxg4 a5 16. a3 Nxb3 17. cxb3 Bd4 18. Qc2 O-O-O 19. Rc1 Kb7 20. h4 f6 21. Qe2
Rhf8 22. hxg5 hxg5 23. Rc2 Rh8 24. Qf3 Rxh1+ 25. Qxh1 Rd7 26. f3 Qc7 27. Rh2
Qb6 28. Qf1 Qc5 29. Kd1 Be3 30. Rc2 Qd4 31. Bf2 Bxf2 32. Rxf2 Rh7 33. Rd2 Qb6
34. Qf2 Qxf2 35. Rxf2 Rh3 36. Ke2 d5 37. Rg2 d4 38. Kf2 c5 39. Ke2 Kc6 1/2-1/2

[Event "DEM U10 2011"]
[Site "Oberhof GER"]
[Date "2011.06.16"]
[Round "8"]
[White "Poetsch, Leonore"]
[Black "Reimers, Kim"]
[Result "1/2-1/2"]
[Termination "normal"]
[Board "19"]
[WhiteElo "966"]
[BlackElo "1386"]
[PlyCount "64"]
[WhiteFideId "12940372"]
[BlackFideId "12930377"]
[EventCountry "GER"]
[EventRounds "11"]
[EventType "swiss"]
[EventDate "2011.06.11"]

1. e4 e6 2. d4 d5 3. exd5 exd5 4. Bd3 Bd6 5. Qf3 Nf6 6. Bf4 O-O 7. Bxd6 Qxd6 8.
Ne2 Bg4 9. Qg3 Qxg3 10. Nxg3 Re8+ 11. Ne2 Nc6 12. c3 Re7 13. f3 Bh5 14. O-O Bg6
15. Nf4 Bxd3 16. Nxd3 Re2 17. Rf2 Rae8 18. Rxe2 Rxe2 19. b3 Ne7 20. Kf1 Re3 21.
Ne5 Ne8 22. Kf2 Rxe5 23. dxe5 Ng6 24. Nd2 Nxe5 25. Ke3 f6 26. c4 dxc4 27. Nxc4
Nc6 28. Rd1 Kf7 29. Ke4 Ne7 30. Ne3 g6 31. Nc4 Ke6 32. Rd8 Kf7 1/2-1/2

[Event "DEM U10 2011"]
[Site "Oberhof GER"]
[Date "2011.06.16"]
[Round "8"]
[White "Pajeken, Jakob Leon"]
[Black "Schneider, Jana"]
[Result "1/2-1/2"]
[Termination "normal"]
[Board "21"]
[WhiteElo "915"]
[BlackElo "1347"]
[PlyCount "59"]
[WhiteFideId "12942839"]
[BlackFideId "12924997"]
[EventCountry "GER"]
[EventRounds "11"]
[EventType "swiss"]
[EventDate "2011.06.11"]

1. d4 d5 2. Nf3 Nf6 3. Bf4 Bf5 4. e3 e6 5. Nbd2 Be7 6. h3 h5 7. Be2 Nbd7 8. O-O
c5 9. c3 Rc8 10. Rc1 a6 11. Re1 b5 12. Ne5 Nxe5 13. Bxe5 Bd6 14. Nf3 c4 15. Qd2
Ne4 16. Qd1 Bxe5 17. Nxe5 Qg5 18. Kf1 Qh6 19. a4 g5 20. axb5 axb5 21. Ra1 g4
22. Ra7 gxh3 23. g3 h2 24. Bf3 Bg4 25. Nxf7 Bxf3 26. Qxf3 Qf8 27. Ke2 Rg8 28.
Qxh5 Nf6 29. Nd6+ Kd8 30. Nf7+ 1/2-1/2

[Event "DEM U10 2011"]
[Site "Oberhof GER"]
[Date "2011.06.16"]
[Round "8"]
[White "Fromm, Katja"]
[Black "Arnhold, Steffi"]
[Result "1/2-1/2"]
[Termination "normal"]
[Board "22"]
[WhiteElo "1401"]
[BlackElo "1117"]
[PlyCount "71"]
[WhiteFideId "12929409"]
[BlackFideId "12931365"]
[EventCountry "GER"]
[EventRounds "11"]
[EventType "swiss"]
[EventDate "2011.06.11"]

1. d4 Nf6 2. c4 c5 3. d5 b5 4. b3 g6 5. Bb2 Bg7 6. g3 d6 7. Bg2 O-O 8. Nd2 Nbd7
9. Ngf3 Qa5 10. O-O Nb6 11. Qc2 Bd7 12. Rab1 Rfb8 13. Bc3 Qa6 14. Bb2 bxc4 15.
bxc4 Na4 16. Ba1 Qa5 17. Rxb8+ Rxb8 18. Rb1 Rb4 19. Rxb4 Qxb4 20. Qb3 a5 21.
Qxb4 axb4 22. Nb3 Ne4 23. Bxg7 Kxg7 24. Nc1 Nec3 25. Nd2 Nb2 26. Ne4 Nba4 27.
Nxc3 Nxc3 28. Kf1 Kf6 29. f4 Bg4 30. Bf3 Bxf3 31. exf3 e6 32. dxe6 Kxe6 33. Ke1
Kd7 34. Kd2 Kc6 35. Kc2 d5 36. a3 1/2-1/2